Madrid de mis ensueños / (Record no. 47376)

MARC details
000 -LEADER
campo de control de longitud fija 00532nam a2200169 i 4500
001 - NÚMERO DE CONTROL
campo de control 47376
003 - IDENTIFICADOR DE NÚMERO DE CONTROL
campo de control ES-MaACL
005 - FECHA Y HORA DE LA ÚLTIMA TRANSACCIÓN
campo de control 20250620063014.0
007 - CAMPO FIJO DE DESCRIPCIÓN FÍSICA--INFORMACIÓN GENERAL
campo de control de longitud fija t|
008 - DATOS DE LONGITUD FIJA--INFORMACIÓN GENERAL
campo de control de longitud fija 030407s1959 sp ||||1| spa d
100 1# - ENTRADA PRINCIPAL--NOMBRE DE PERSONA
Nombre de persona Corbera Fradera, Carolina,
Fechas asociadas al nombre 1926-1979
9 (RLIN) 40459
245 10 - MENCIÓN DEL TÍTULO
Título Madrid de mis ensueños /
Mención de responsabilidad, etc. Carolina Corbera Fradera ; ilustraciones de la autora.
260 ## - PUBLICACIÓN, DISTRIBUCIÓN, ETC.
Lugar de publicación, distribución, etc. Madrid :
Nombre del editor, distribuidor, etc. Lincor,
Fecha de publicación, distribución, etc. 1959 (
Fabricante Uguina)
300 ## - DESCRIPCIÓN FÍSICA
Extensión 178 p., 11 lám. ;
Dimensiones 24 cm.
852 ## - LOCALIZACIÓN
Ubicación ES-MaACL
Número de control de estantería C-16935
Sublocalización o colección R.44982
Holdings
Estatus retirado Estado de pérdida Estado de daño No para préstamo Biblioteca de origen Biblioteca actual Ubicación en estantería Fecha de adquisición Fuente de adquisición Total de préstamos Signatura topográfica completa Código de barras Visto por última vez Precio de reemplazo Tipo de ítem Koha
        Biblioteca del Ateneo de Madrid Biblioteca del Ateneo de Madrid Galería 17/01/2008     C-16935 1049835 23/02/2023 23/02/2023 Libro impreso